000 01169nam a2200229Ia 4500
001 9386
003 GE_BSU
008 181216s||||||||xx |||||||||||||| ||und||
040 _cGE_BSU
080 _a821.353.1
100 _aმერჩულე,გიორგი
245 _aცხოვრება გრიგოლ ხანცთელისა და მოყუასთა და მოწაფეთა მისთა. ტ.1
245 _bტ.1. აღდგენილი დედანი
245 _cდედანი აღადგინა და გამოკვლევა დაურთო პავლე ინგოროყვამ
260 _aთბილისი
260 _bსაბჭ.მწერალი
260 _c1949
300 _a208გვ.17სმ.
300 _cდანართი ლექსიკონი გვ.169-180.ვარიანტები გვ.181-194.საძიებელი გვ.195-205
653 _aცხოვრება გრიგოლ ხანცთელისა და მოყუასთა და მოწაფეთა მისთა
942 _cBK
999 _c42682
_d42682